| 000 | 00386 a2200145 4500 | ||
|---|---|---|---|
| 999 |
_c1054 _d1054 |
||
| 020 | _a9780702136450 | ||
| 050 | _aGB817 PRI 1995 | ||
| 100 |
_aPrimary science programme _eauthor |
||
| 245 |
_aTeaching the topic water _cPrimary science programme |
||
| 264 |
_aWestern Cape: _bJuta _c1995 |
||
| 300 |
_a92p. _bill. |
||
| 500 | _ano index | ||
| 650 | _aWater | ||
| 942 |
_2lcc _cBK _h817 _iPRI _kGB |
||